European competition rules to be enforced nationally (Record no. 117290)

MARC details
000 -LEADER
fixed length control field 01104cam a2200253 4500
001 - CONTROL NUMBER
control field WB4017-02
008 - FIXED-LENGTH DATA ELEMENTS--GENERAL INFORMATION
fixed length control field 040505n2004 000 0 eng u
035 ## - SYSTEM CONTROL NUMBER
System control number (Sirsi) u126096
245 ## - TITLE STATEMENT
Title European competition rules to be enforced nationally
260 ## - PUBLICATION, DISTRIBUTION, ETC.
Date of publication, distribution, etc. 2004
490 ## - SERIES STATEMENT
Series statement OFT Press Release
Volume/sequential designation (80/04) 30 April 2004 (3)
520 ## - SUMMARY, ETC.
Summary, etc. The European competition rules can be enforced directly by the courts and the OFT, from 1 May 2004. The OFT will apply EC competition law to anti-competitive agreements and abuses of dominance in the UK, where they may have an effect on trade between member states. Further information on competition rules is available from the OFT website at http://www.oft.gov.uk. http://www.oft.gov.uk/News/Press+releases/2004/80- 04.htm
590 ## - LOCAL NOTE (RLIN)
Local note WB
590 ## - LOCAL NOTE (RLIN)
Local note WB
650 ## - SUBJECT ADDED ENTRY--TOPICAL TERM
Topical term or geographic name entry element COMPETITION RULES
650 ## - SUBJECT ADDED ENTRY--TOPICAL TERM
Topical term or geographic name entry element EUROPEAN COMPETITION LAWS
650 ## - SUBJECT ADDED ENTRY--TOPICAL TERM
Topical term or geographic name entry element COMPETITION ACT 1998
650 ## - SUBJECT ADDED ENTRY--TOPICAL TERM
Topical term or geographic name entry element ANTI-COMPETITIVE AGREEMENTS
650 ## - SUBJECT ADDED ENTRY--TOPICAL TERM
Topical term or geographic name entry element EUROPE
650 ## - SUBJECT ADDED ENTRY--TOPICAL TERM
Topical term or geographic name entry element EC TREATY ART 81
650 ## - SUBJECT ADDED ENTRY--TOPICAL TERM
Topical term or geographic name entry element EC TREATY ART 82
690 ## - LOCAL SUBJECT ADDED ENTRY--TOPICAL TERM (OCLC, RLIN)
Topical term or geographic name as entry element Business and management
9 (RLIN) 6226
942 ## - ADDED ENTRY ELEMENTS (KOHA)
Suppress in OPAC 0
Holdings
Withdrawn status Lost status Source of classification or shelving scheme Damaged status Not for loan Home library Current library Shelving location Date acquired Total Checkouts Full call number Barcode Date last seen Copy number Price effective from Koha item type
    Dewey Decimal Classification     London London News article 05/05/2004   WB4017-02 126096-1001 06/08/2019 1 06/08/2019 News article